| 000 | 00691nam a2200205 i 4500 | ||
|---|---|---|---|
| 001 | 51923 | ||
| 003 | ES-MaACL | ||
| 005 | 20230906162455.0 | ||
| 007 | t| | ||
| 008 | 030821s1946 ag ||||1| spa d | ||
| 100 | 1 |
_aDassen, Rodolfo. _942783 |
|
| 245 | 1 | 0 |
_aTratado de patología médica. _nTomo I / _cpor Rodolfo Dassen ; colaboradores, E. G. Fongi, O. Fustinoni, P.C. Rospide. |
| 260 |
_aBuenos Aires : _bLópez Etchegoyen, _c1946 ( _fLa Prensa Médica Argentina) |
||
| 300 |
_aXV, 827 p. : _bil. ; _c27 cm. |
||
| 650 | 0 | 4 |
_aPatología. _915884 |
| 700 | 1 |
_aFongi, E. G. _951501 |
|
| 700 | 1 |
_aFustinoni, Osvaldo. _953097 |
|
| 700 | 1 |
_aRospide, P. C. _999802 |
|
| 852 |
_aES-MaACL _jB-13828 |
||
| 999 |
_c51923 _d51923 |
||